000 00916cam a22002771 4500
001 143717
003 SpMaBN
005 20240129115321.0
008 981210s1968 sp cat
016 7 _abimoBNE20000175485
_zIND9800830266
_2SpMaBN
017 _aB 37978-1968
_bOficina Depósito Legal Barcelona
035 _a(OCoLC)432714934
040 _aSpMaBN
_bspa
_cCDM
_dES-MaACL
080 _a369.431(460.23)
100 0 _aSerra y García, Antonio
_0XX1437637
_9105661
245 1 0 _aHistoria de l'escoltisme catalá /
_cAntoni Serra i García
260 _aBarcelona :
_bBruguera,
_c[1968]
300 _a112 p. ;
_c18 cm
490 0 _aQuaderns de Cultura
_v50
650 7 _aBoy scouts
_9151924
830 _9181826
_aQuaderns de cultura ;
_v50
852 _aES-MaACL
_bR.68300
_9148908
_cDEPO2
_jC-36835
942 _2udc
_cMONOGRAFIA
999 _c143717
_d143717